Iontově selektivní elektrody a jejich využití v potravinářské a zemědelské praxi

Saved in:
Bibliographic Details
Main Author: Semler, Miloslav
Format: Book
Language:Czech
Published: Praha Výzkumný ústav potr. prům. 1990
Edition:1. vyd.
Tags: Add Tag
No Tags, Be the first to tag this record!

MARC

LEADER 00000nam a2200000 4500
001 c034213
005 20221215120049.5
041 0 |a cze 
044 |a CZ 
245 1 0 |a Iontově selektivní elektrody a jejich využití v potravinářské a zemědelské praxi  |c Miloslav Semler a kol. 
250 |a 1. vyd. 
264 1 |a Praha  |b Výzkumný ústav potr. prům.  |c 1990 
300 |a 214 s. 
100 1 |a Semler, Miloslav